000 01099cam a2200325 i 4500
001 768714001
003 CO-MdFUSB
005 20241203124039.0
007 ta
008 241203t1990 -ck||||| |||| 00| 0 spa d
020 _a958-607-503-6
040 _cCO-MdFUSB
041 0 _aspa
082 0 4 _223
_a235.4
_bM6443c
100 1 _aMilingo, Emmanuel (1930-)
_eautor
245 1 0 _aContra Satanás
_c/ Emmanuel Milingo ; traducido por Justiniano Beltrán
250 _a3
264 1 _bSan Pablo,
_aBogotá, Colombia :
_c[1990]
264 4 _c©1990
300 _a211 Pag.
336 _atexto
_btxt
_2rdacontent
337 _2rdamedia
_asin mediación
_bn
338 _2rdacarrier
_avolumen
_bnc
500 _aTítulo original : Contro Satana
505 _apredicar a Cristo -- que tipo de liberación -- la comunicación con Dios -- una rama de naranja sobre la planta del limón -- nuestra batalla no es contra criaturas de carne -- la cura de tus enfermedades -- la vida en los próximos cincuenta años
563 _aRustico
653 _aExorcismo
942 _cBK
945 _aMiguel
999 _c32197
_d32197